|
|
|
|
| LEADER |
00000cam a2200000 7i4500 |
| 001 |
0000001286 |
| 005 |
20140405.0 |
| 090 |
0 |
0 |
|a 577.698
|b SEM 1999
|
| 110 |
1 |
0 |
|a SEMINAR on Productivity and Sustainable Utilization of Brackish Water Mangrove Ecosystems
|k 1997
|j Kuala Lumpur
|
| 245 |
1 |
0 |
|a Proceedings of the 4th Seminar on Results for 1997/98 Research Projects (8-9 December 1998, Penang, Malaysia)
|c edited by Kiso Katsuhiro and Choo Poh Sze
|
| 260 |
0 |
0 |
|a Japan :
|b Japan International Research Center for Agricultural Sciences (JIRCAS) ,
|c 1999
|
| 300 |
|
|
|a v, 172 p. :
|b ill., maps ;
|c 30 cm.
|
| 500 |
0 |
0 |
|a Includes bibliographical references
|
| 650 |
0 |
0 |
|a Mangrove ecology
|x Congresses
|
| 650 |
0 |
0 |
|a Mangrove swamps
|x Management
|
| 650 |
0 |
0 |
|a Mangrove
|x UtilizatioxCongresses
|
| 700 |
0 |
1 |
|a Choo
|h Poh Sze
|
| 700 |
0 |
1 |
|a Katsuhiro
|h Kiso
|
| 710 |
1 |
1 |
|a Institut Penyelidikan Perhutanan Malaysia (FRIM)
|
| 710 |
1 |
1 |
|a Japan International Research Center for Agricultural Sciences (JIRCAS)
|
| 710 |
1 |
1 |
|a Ministry of Agriculture. Fisheries Research Institute
|
| 998 |
|
|
|a JPSM
|
| 999 |
|
|
|a 0000002236
|b Monograph
|c Open Shelf
|e Default branch
|